Countries With Subdivisions In "Countries Visited Map" - Statistics

General Stats
  • This quiz has been taken 29 times
  • The average score is 12 of 12
Answer Stats
Continent Country % Correct
Europe Germany
100%
Europe United Kingdom
100%
Oceania Australia
96%
North America Canada
96%
Asia China
96%
Europe France
96%
Asia India
96%
Europe Spain
96%
North America United States
96%
South America Brazil
93%
Europe Italy
93%
North America Mexico
93%
No matching quizzes found
Score Distribution
Percent of People with Each Score
Percentile by Number Answered
Your Score History
You have not taken this quiz